Iluzionisti na finančných trhoch

Psychologické bohatstvo ako dôsledok chýb označované termínom "febezzle" (embezzlement - sprenevera) fiktívne bohatstvo, ktoré existuje medzi vznikom a zrútením ilúzie. Hypotéky a trhová bublina vytvárajú prechodné bohatstvo. Príbeh krízy eurozóny.

Saved in:
Bibliographic Details
Main Author: Kay, John
Format: Book Chapter
Language:Slovak
Subjects:
Tags: Add Tag
No Tags, Be the first to tag this record!

MARC

LEADER 00000naa a2200000 4500
001 0210170
005 20220725110717.7
041 0 |a slo 
044 |a SK 
245 1 0 |a Iluzionisti na finančných trhoch  |c John Kay 
520 |a Psychologické bohatstvo ako dôsledok chýb označované termínom "febezzle" (embezzlement - sprenevera) fiktívne bohatstvo, ktoré existuje medzi vznikom a zrútením ilúzie. Hypotéky a trhová bublina vytvárajú prechodné bohatstvo. Príbeh krízy eurozóny. 
610 2 0 |a trh finančný 
610 2 0 |a bubliny finančné 
610 2 0 |a akcie 
610 2 0 |a hypotéky 
610 2 0 |a nástroje investičné 
610 2 0 |a hodnota trhová 
610 2 0 |a bilancia kapitálová 
610 2 0 |a kríza finančná 
100 1 |a Kay, John